00659nam a22001937a 450000500170000001000150001702000270003203500140005903700130007308200110008624501620009726000340025927000500029330000250034350000220036870000260039070000320041670000170044820181025130050.0 aENG-124365 c1650.00a9789386552228 aEN-107897 bDBAD/PUB a954.42 aRevisiting the history of medieval rajasthan:ced. by Suraj Bhan Bhardwaj; Rameshwar Prasad Bahuguna [and] Mayank Kumarbessays for professor Dilbagh Singh / aNew DelhibPrimus Booksc2017 aArakashan Road, Paharganj,bNew Delhie110055 axi,348p.c23cm. (Hb) aIt includes index aBhardwaj, Suraj Bhan  aBahuguna, Rameshwar Prasad  aMayank Kumar